Library Banner

Qaadiyaniyyat per Iqbal ki tahreeron ki tadveen (M Phil Programme] (Urdu) (Record no. 41650)

MARC details
000 -LEADER
fixed length control field 00623nam a2200193Ia 4500
001 - CONTROL NUMBER
control field 43649
008 - FIXED-LENGTH DATA ELEMENTS--GENERAL INFORMATION
fixed length control field 140425s9999 xx 000 0 und d
020 ## - INTERNATIONAL STANDARD BOOK NUMBER
International Standard Book Number NA
040 ## - CATALOGING SOURCE
Transcribing agency PK-LaUMT
082 ## - DEWEY DECIMAL CLASSIFICATION NUMBER
Classification number RHC 297.86
Item number ASA-Q
100 ## - MAIN ENTRY--PERSONAL NAME
Personal name Asaim Rasheed, Muhammad
245 ## - TITLE STATEMENT
Title Qaadiyaniyyat per Iqbal ki tahreeron ki tadveen (M Phil Programme] (Urdu)
Statement of responsibility, etc Asaim Rasheed, Muhammad
260 ## - PUBLICATION, DISTRIBUTION, ETC. (IMPRINT)
Place of publication, distribution, etc Islamabad,Pakistan:
Name of publisher, distributor, etc Allama Iqbal Open University,
Date of publication, distribution, etc 1995
300 ## - PHYSICAL DESCRIPTION
Extent 261 p.
500 ## - GENERAL NOTE
General note Report presented in partial requirement for M Phil degree Advisor: Raiz ul Hasan Gilani
546 ## - LANGUAGE NOTE
Language note UR
650 ## - SUBJECT ADDED ENTRY--TOPICAL TERM
Topical term or geographic name as entry element Ahmadiyya
942 ## - ADDED ENTRY ELEMENTS (KOHA)
Koha item type Books
Holdings
Withdrawn status Lost status Damaged status Not for loan Home library Current library Date acquired Total Checkouts Full call number Barcode Date last seen Price effective from Koha item type
        UMT Main Campus UMT Main Campus 2014-04-25   RHC 297.86 ASA-Q 47277 2014-05-06 2014-05-06 Books